Comunidad, alcaldía y radio. Cambio y conservación del liderazgo indígena en el Guatemala posguerra

Este artículo pretende reflexionar sobre los espacios de liderazgo que se afirman en las comunidades indígenas de Guatemala a partir del proceso de paz. Se evidencia cómo las lógicas de autoridad y prestigio y con éstas la idea misma de comunidad, van cambiando frente a las políticas de desarrollo d...

Descripción completa

Detalles Bibliográficos
Autor principal: Freddi, Andrea
Formato: Analitica de revista
Lenguaje:español
Publicado: Santiago, Chile Universidad Academia de Humanismo Cristiano 2018
Materias:
Acceso en línea:Acceso electrónico al documento

MARC

LEADER 00000cab a2200000 a 4500
001 025590
003 UAHC_CL
005 20200102152314.0
008 160406s2018 cl 000 spa
952 |0 0  |1 0  |2 ddc  |4 0  |6 ANTROPOLOGIAS_DEL_SUR09_18_000000000000000  |7 0  |8 COMP  |9 93158  |a BC  |b BC  |c General  |d 2020-01-02  |l 0  |o ANTROPOLOGIAS DEL SUR-09/18  |r 2020-01-02 00:00:00  |w 2020-01-02  |y REVA 
999 |c 52895  |d 52895 
040 |a UAHC_CL  |c UAHC_CL  |d UAHC_CL 
100 |a Freddi, Andrea  |9 10228 
245 1 0 |a Comunidad, alcaldía y radio. Cambio y conservación del liderazgo indígena en el Guatemala posguerra  |c Fernando García. 
260 |b Universidad Academia de Humanismo Cristiano  |c 2018  |a Santiago, Chile 
300 |a p. 91-112 
500 |a En: Antropologías del Sur. Vol. 5, no. 9, 2018. pp. 91-112. ISSN: 07194498. 
520 |a Este artículo pretende reflexionar sobre los espacios de liderazgo que se afirman en las comunidades indígenas de Guatemala a partir del proceso de paz. Se evidencia cómo las lógicas de autoridad y prestigio y con éstas la idea misma de comunidad, van cambiando frente a las políticas de desarrollo de las instituciones democráticas neoliberales. El análisis se desarrolla a través de dos casos etnográficos referentes a la vida política de Todos Santos Cuchumatám, municipio maya-mam. En primer lugar, se muestra el complejo proceso de elección de un candidato alcalde, que surge de negociaciones clientelares de distintos niveles: desde la esfera de la política nacional, hasta las lógicas de poder que rigen las comunidades de base del municipio. En segundo lugar, se toma en consideración un camino al liderazgo alternativo: la fundación de una radio comunitaria por un joven migrante retornado. Estos casos permiten evidenciar cómo los líderes indígenas tienen la difícil tarea de mantener un delicado equilibrio entre cambio y conservación. De ello surgen los mecanismos que, si bien en movimiento perpetuo, mantienen el orden comunal de la comunidad.  
653 |a Liderazgo indígena 
653 |a Maya 
653 |a Comunidad indíena 
653 |a Radios comunitarias 
773 0 |t Antropologías del Sur : revista de la Escuela de Antropología.  |w 025559 
856 |u http://revistas.academia.cl/index.php/rantros/article/view/943/1068  |y Acceso electrónico al documento 
900 |a ANTROPOLOGIAS DEL SUR-09/18 
942 |c REVA  |2 ddc